[Event "Chess.com RCC Wk22 Swiss"]
[Site "chess.com INT"]
[Date "2022.07.23"]
[Round "3"]
[White "Hansen, Eric"]
[Black "Prithu, Gupta"]
[Result "0-1"]
[WhiteElo "2606"]
[BlackElo "2444"]
[PlyCount "80"]
[GameId "2130307572957285"]
[EventDate "2022.07.23"]
[EventType "swiss (rapid)"]
[EventRounds "9"]
[EventCountry "NET"]
[SourceTitle "The Week in Chess 1446"]
[Source "Mark Crowther"]
[SourceDate "2022.07.25"]
[SourceVersion "1"]
[SourceVersionDate "2022.07.25"]
[SourceQuality "2"]

1. e4 e5 2. Nf3 Nc6 3. Bb5 g6 4. d4 exd4 5. Bg5 Be7 6. Bxe7 Qxe7 7. Bxc6 dxc6 8. Qxd4 Nf6 9. Nc3 Bg4 10. Nd2 c5 11. Qe3 O-O-O 12. h3 Be6 13. O-O-O b6 14. f4 Rd4 15. Nf3 Rxd1+ 16. Rxd1 Rd8 17. Re1 Kb7 18. g4 h5 19. g5 Nd7 20. f5 Bc4 21. b3 Ba6 22. Qf4 c4 23. Nd5 Qa3+ 24. Kb1 Rc8 25. Ne5 c3 26. Nxc3 Qd6 27. Nxg6 fxg6 28. e5 Qc6 29. Kb2 gxf5 30. e6 Nc5 31. Qxf5 Bd3 32. cxd3 Rf8 33. Qxf8 Nxd3+ 34. Kc2 Nxe1+ 35. Kd2 Nf3+ 36. Kc2 Nd4+ 37. Kb2 Qg2+ 38. Ka3 Nc2+ 39. Ka4 Qc6+ 40. Nb5 a6 0-1

[Event "Chess.com RCC Wk22 Swiss"]
[Site "chess.com INT"]
[Date "2022.07.23"]
[Round "5"]
[White "Hansen, Eric"]
[Black "Yang Kaiqi"]
[Result "1-0"]
[WhiteElo "2606"]
[BlackElo "2481"]
[PlyCount "111"]
[GameId "2130307572961394"]
[EventDate "2022.07.23"]
[EventType "swiss (rapid)"]
[EventRounds "9"]
[EventCountry "NET"]
[SourceTitle "The Week in Chess 1446"]
[Source "Mark Crowther"]
[SourceDate "2022.07.25"]
[SourceVersion "1"]
[SourceVersionDate "2022.07.25"]
[SourceQuality "2"]

1. e4 e5 2. Nf3 Nc6 3. Bb5 Nf6 4. d3 Bc5 5. c3 O-O 6. O-O d6 7. h3 Bb6 8. Re1 Ne7 9. d4 Ng6 10. a4 c6 11. Bd3 Re8 12. Nbd2 a5 13. Nc4 Bc7 14. dxe5 dxe5 15. Be3 h6 16. Qc2 Nh5 17. b4 axb4 18. cxb4 Qf6 19. Ncd2 Ngf4 20. Bf1 g5 21. Nh2 Qg6 22. Ng4 Ng7 23. b5 h5 24. Nh2 g4 25. hxg4 hxg4 26. bxc6 bxc6 27. Nc4 g3 28. fxg3 Qxg3 29. Kh1 Ngh5 30. Bf2 Qg6 31. Ra3 Kg7 32. Ree3 Rh8 33. Kg1 Qh6 34. Bh4 Be6 35. Nf3 Bxc4 36. Qxc4 Bb6 37. Nxe5 Ne6 38. Bf2 Bxe3 39. Bxe3 Nhf4 40. Nf3 Rad8 41. Qc1 Qg6 42. Bxf4 Qxe4 43. Be5+ f6 44. Bb2 Nf4 45. Re3 Qg6 46. Kf2 Nd5 47. Re6 Rhe8 48. Rxe8 Qxe8 49. Bd4 Qe4 50. Qxc6 Re8 51. Qd7+ Re7 52. Qd6 Re6 53. Qd7+ Re7 54. Qb5 Rc7 55. Bd3 Qe6 56. Bc4 1-0

[Event "Titled Tuesday 2022.07.19 Early"]
[Site "chess.com INT"]
[Date "2022.07.19"]
[Round "1"]
[White "Miszler, Levente"]
[Black "Hansen, Eric"]
[Result "0-1"]
[WhiteElo "2243"]
[BlackElo "2606"]
[PlyCount "64"]
[GameId "2130307573177346"]
[EventDate "2022.07.19"]
[EventType "swiss (blitz)"]
[EventRounds "11"]
[EventCountry "NET"]
[SourceTitle "The Week in Chess 1446"]
[Source "Mark Crowther"]
[SourceDate "2022.07.25"]
[SourceVersion "1"]
[SourceVersionDate "2022.07.25"]
[SourceQuality "2"]

1. Nf3 d5 2. g3 g6 3. Bg2 Bg7 4. O-O c5 5. d4 cxd4 6. Nxd4 e5 7. Nb3 Ne7 8. c4 d4 9. e3 Nbc6 10. exd4 exd4 11. Re1 O-O 12. Bg5 h6 13. Bxe7 Nxe7 14. N1d2 Nc6 15. Ne4 Bf5 16. Rc1 Rc8 17. c5 d3 18. Qd2 Bxe4 19. Bxe4 Qf6 20. Bxd3 Rfd8 21. Rcd1 Ne5 22. Re3 Nf3+ 23. Rxf3 Qxf3 24. Qc2 b6 25. Be2 Qc6 26. Rxd8+ Rxd8 27. Qc4 Bxb2 28. cxb6 Rd1+ 29. Bxd1 Qxc4 30. b7 Be5 31. Bf3 Qc3 32. Kg2 a5 0-1

[Event "Titled Tuesday 2022.07.19 Early"]
[Site "chess.com INT"]
[Date "2022.07.19"]
[Round "2"]
[White "Hansen, Eric"]
[Black "Lukiyanchuk, Vladislav"]
[Result "1-0"]
[WhiteElo "2606"]
[BlackElo "2299"]
[PlyCount "65"]
[GameId "2130307573177379"]
[EventDate "2022.07.19"]
[EventType "swiss (blitz)"]
[EventRounds "11"]
[EventCountry "NET"]
[SourceTitle "The Week in Chess 1446"]
[Source "Mark Crowther"]
[SourceDate "2022.07.25"]
[SourceVersion "1"]
[SourceVersionDate "2022.07.25"]
[SourceQuality "2"]

1. e4 c5 2. Nf3 d6 3. d4 cxd4 4. Nxd4 Nf6 5. Nc3 a6 6. Be2 e5 7. Nb3 Be7 8. g4 Be6 9. g5 Nfd7 10. h4 Nc6 11. Be3 Rc8 12. Nd5 Na5 13. Nxa5 Qxa5+ 14. c3 Bxd5 15. Qxd5 Qxd5 16. exd5 Bd8 17. Bg4 Rc4 18. Be2 Rc8 19. a4 Bb6 20. Kd2 Bxe3+ 21. Kxe3 Ke7 22. a5 h6 23. c4 f5 24. b4 hxg5 25. hxg5 e4 26. Kd4 Ne5 27. c5 Nf7 28. Rxh8 Rxh8 29. c6 bxc6 30. dxc6 Rb8 31. Bxa6 Kd8 32. b5 Nxg5 33. Kd5 1-0

[Event "Titled Tuesday 2022.07.19 Early"]
[Site "chess.com INT"]
[Date "2022.07.19"]
[Round "4"]
[White "Hansen, Eric"]
[Black "Gunduz, Umut Erdem"]
[Result "1-0"]
[WhiteElo "2606"]
[BlackElo "2368"]
[PlyCount "43"]
[GameId "2130307573181540"]
[EventDate "2022.07.19"]
[EventType "swiss (blitz)"]
[EventRounds "11"]
[EventCountry "NET"]
[SourceTitle "The Week in Chess 1446"]
[Source "Mark Crowther"]
[SourceDate "2022.07.25"]
[SourceVersion "1"]
[SourceVersionDate "2022.07.25"]
[SourceQuality "2"]

1. e4 e5 2. Nf3 Nc6 3. Bb5 a6 4. Ba4 Nf6 5. O-O Be7 6. Re1 b5 7. Bb3 O-O 8. h3 d5 9. exd5 Nxd5 10. d3 Bb7 11. Nc3 Nxc3 12. bxc3 Bf6 13. a4 e4 14. dxe4 Bxc3 15. Bd2 Bxa1 16. Qxa1 b4 17. Bg5 Qc8 18. Nh4 Kh8 19. Bf6 Rg8 20. Nf5 h5 21. Bxg7+ Kh7 22. Qf6 1-0

[Event "Titled Tuesday 2022.07.19 Early"]
[Site "chess.com INT"]
[Date "2022.07.19"]
[Round "5"]
[White "Tifferet, Shaked"]
[Black "Hansen, Eric"]
[Result "0-1"]
[WhiteElo "2214"]
[BlackElo "2606"]
[PlyCount "94"]
[GameId "2130307573185696"]
[EventDate "2022.07.19"]
[EventType "swiss (blitz)"]
[EventRounds "11"]
[EventCountry "NET"]
[SourceTitle "The Week in Chess 1446"]
[Source "Mark Crowther"]
[SourceDate "2022.07.25"]
[SourceVersion "1"]
[SourceVersionDate "2022.07.25"]
[SourceQuality "2"]

1. e4 c5 2. Nf3 e6 3. d4 cxd4 4. Nxd4 a6 5. c4 Nf6 6. Nc3 Bb4 7. Qd3 Nc6 8. Nxc6 dxc6 9. Qxd8+ Kxd8 10. e5 Nd7 11. Bf4 f6 12. O-O-O Ke7 13. exf6+ gxf6 14. a3 Bxc3 15. Bd6+ Kf7 16. bxc3 Nb6 17. Be2 h5 18. c5 Nd5 19. Rd3 e5 20. Bf3 Nf4 21. Rd2 Bg4 22. Bc7 Bxf3 23. gxf3 Rhg8 24. Rd7+ Ke6 25. Rhd1 Nd5 26. Rd6+ Kf5 27. Ba5 Rg2 28. c4 Nf4 29. Bd8 Rg6 30. Rd7 Ne6 31. Bb6 Rg2 32. Rxb7 Rxf2 33. Rf7 Rg8 34. Rd2 Rg1+ 35. Kc2 Rgg2 36. Rxf2 Rxf2+ 37. Kc3 Rxh2 38. Ra7 Rh3 39. Rxa6 Rxf3+ 40. Kb4 h4 41. Ra8 h3 42. Rh8 e4 43. a4 e3 44. Kc3 Nf4 45. Bc7 e2+ 46. Kd2 Rd3+ 47. Ke1 Rd1+ 0-1

[Event "Titled Tuesday 2022.07.19 Early"]
[Site "chess.com INT"]
[Date "2022.07.19"]
[Round "6"]
[White "Hansen, Eric"]
[Black "Harshavardhan, G B"]
[Result "1/2-1/2"]
[WhiteElo "2606"]
[BlackElo "2397"]
[PlyCount "169"]
[GameId "2130307573185717"]
[EventDate "2022.07.19"]
[EventType "swiss (blitz)"]
[EventRounds "11"]
[EventCountry "NET"]
[SourceTitle "The Week in Chess 1446"]
[Source "Mark Crowther"]
[SourceDate "2022.07.25"]
[SourceVersion "1"]
[SourceVersionDate "2022.07.25"]
[SourceQuality "2"]

1. e4 e5 2. Nf3 Nc6 3. Bb5 a6 4. Ba4 d6 5. d4 b5 6. Bb3 Nxd4 7. Nxd4 exd4 8. c3 dxc3 9. Nxc3 Nf6 10. e5 dxe5 11. Bxf7+ Ke7 12. Qb3 c5 13. Bd5 c4 14. Qd1 Nxd5 15. Nxd5+ Ke6 16. Qg4+ Kd6 17. Qe2 Bb7 18. Ne3 Kc7 19. O-O Bc5 20. Rd1 Qe8 21. Nc2 Rd8 22. Be3 Qc6 23. Ne1 Bd4 24. Qg4 Qd7 25. Qg5 Kb8 26. a4 b4 27. Rac1 Qxa4 28. Bxd4 exd4 29. Rxd4 Rxd4 30. Qe5+ Ka8 31. Qxd4 Rc8 32. Rxc4 Rxc4 33. Qxc4 Qd1 34. Qxb4 h5 35. h4 Qe2 36. Qc3 Qd1 37. f3 Qe2 38. Nd3 Qe7 39. Qd4 g5 40. hxg5 Qxg5 41. Ne5 h4 42. Nd7 Bxf3 43. Qf2 Qc1+ 44. Qf1 Qxf1+ 45. Kxf1 Bc6 46. Ne5 Be8 47. Nf3 Kb7 48. Ke1 Kc6 49. Kd2 Kd5 50. Nxh4 Kc4 51. Nf3 Kb3 52. Kc1 a5 53. Nd2+ Kb4 54. g4 a4 55. Kc2 Bg6+ 56. Kc1 a3 57. bxa3+ Kxa3 58. Nf3 Kb4 59. Kd2 Kc5 60. Ke3 Kd5 61. Kf4 Ke6 62. Kg5 Bb1 63. Kh6 Kf7 64. g5 Kg8 65. Nd4 Bd3 66. Nc6 Bb1 67. Ne5 Bc2 68. Ng6 Bb1 69. Ne7+ Kf7 70. Nd5 Kg8 71. Kh5 Kf7 72. Kg4 Kg8 73. Kf4 Bc2 74. Ke5 Bb1 75. Kf6 Bc2 76. Ne3 Bb1 77. Nf5 Bxf5 78. Kxf5 Kf7 79. g6+ Kg7 80. Kg5 Kg8 81. Kf5 Kg7 82. Kg5 Kg8 83. Kh6 Kh8 84. g7+ Kg8 85. Kg6 1/2-1/2

[Event "Titled Tuesday 2022.07.19 Early"]
[Site "chess.com INT"]
[Date "2022.07.19"]
[Round "7"]
[White "Ceres, Dragos"]
[Black "Hansen, Eric"]
[Result "0-1"]
[WhiteElo "2378"]
[BlackElo "2606"]
[PlyCount "80"]
[GameId "2130307573189835"]
[EventDate "2022.07.19"]
[EventType "swiss (blitz)"]
[EventRounds "11"]
[EventCountry "NET"]
[SourceTitle "The Week in Chess 1446"]
[Source "Mark Crowther"]
[SourceDate "2022.07.25"]
[SourceVersion "1"]
[SourceVersionDate "2022.07.25"]
[SourceQuality "2"]

1. e4 c5 2. Nf3 e6 3. g3 Nf6 4. e5 Nd5 5. Bg2 Nc6 6. O-O d6 7. exd6 Bxd6 8. d4 O-O 9. dxc5 Bxc5 10. Nbd2 h6 11. Ne4 Be7 12. Qe2 Qc7 13. c4 Nf6 14. Re1 e5 15. Nc3 Bg4 16. h3 Nd4 17. Qxe5 Nxf3+ 18. Bxf3 Bd6 19. Qe2 Rfe8 20. Be3 Bxh3 21. Nb5 Qb8 22. Nxd6 Qxd6 23. Bxb7 Rab8 24. Qf3 Bg4 25. Qg2 Qb4 26. Bc6 Re6 27. a3 Qxb2 28. Bxa7 Rd8 29. Be3 Rxe3 30. fxe3 Rd2 31. Qf1 Qe5 32. Qf4 Qh5 33. Bg2 Bh3 34. Bf3 Bg4 35. Bg2 Nd7 36. Rab1 Ne5 37. Rb5 Rxg2+ 38. Kxg2 Qh3+ 39. Kf2 Qh2+ 40. Kf1 Bh3# 0-1

[Event "Titled Tuesday 2022.07.19 Early"]
[Site "chess.com INT"]
[Date "2022.07.19"]
[Round "10"]
[White "Hansen, Eric"]
[Black "Preotu, Razvan"]
[Result "1-0"]
[WhiteElo "2606"]
[BlackElo "2445"]
[PlyCount "85"]
[GameId "2130307573194019"]
[EventDate "2022.07.19"]
[EventType "swiss (blitz)"]
[EventRounds "11"]
[EventCountry "NET"]
[SourceTitle "The Week in Chess 1446"]
[Source "Mark Crowther"]
[SourceDate "2022.07.25"]
[SourceVersion "1"]
[SourceVersionDate "2022.07.25"]
[SourceQuality "2"]

1. d4 Nf6 2. c4 g6 3. g3 c6 4. Bg2 d5 5. Nf3 Bg7 6. O-O O-O 7. Nbd2 a5 8. cxd5 cxd5 9. Ne5 a4 10. Ndf3 Qb6 11. e3 Bf5 12. Nh4 Be6 13. Bd2 Ne4 14. Nd3 Nxd2 15. Qxd2 Bf6 16. Nf3 Bf5 17. Nfe5 e6 18. Rac1 Bxd3 19. Nxd3 Nd7 20. Rc2 Rfc8 21. Rfc1 Rxc2 22. Rxc2 Be7 23. Bf1 Bd6 24. a3 Kg7 25. Qc1 h5 26. h4 Nf6 27. Nc5 Bxc5 28. Rxc5 Ne4 29. Rb5 Qc6 30. Qxc6 bxc6 31. Rb6 c5 32. f3 Nxg3 33. dxc5 Rc8 34. c6 Nxf1 35. Kxf1 Kf6 36. Ke2 Ke5 37. Kd3 Kd6 38. Ra6 Rxc6 39. Rxa4 Rc4 40. Ra7 Rxh4 41. b4 Rh1 42. Rxf7 Ra1 43. Rg7 1-0

[Event "Titled Tuesday 2022.07.19 Late"]
[Site "chess.com INT"]
[Date "2022.07.19"]
[Round "3"]
[White "Melikyan, Gnel"]
[Black "Hansen, Eric"]
[Result "0-1"]
[WhiteElo "2140"]
[BlackElo "2606"]
[PlyCount "100"]
[GameId "2130307573198249"]
[EventDate "2022.07.19"]
[EventType "swiss (blitz)"]
[EventRounds "11"]
[EventCountry "NET"]
[SourceTitle "The Week in Chess 1446"]
[Source "Mark Crowther"]
[SourceDate "2022.07.25"]
[SourceVersion "1"]
[SourceVersionDate "2022.07.25"]
[SourceQuality "2"]

1. e4 c5 2. Nf3 e6 3. d4 cxd4 4. Nxd4 a6 5. Nc3 Qc7 6. Qg4 Nf6 7. Qg3 d6 8. Be3 h5 9. f3 h4 10. Qf2 b5 11. Bd3 Bb7 12. O-O Nbd7 13. Rfd1 b4 14. Na4 d5 15. exd5 Nxd5 16. Be4 Bd6 17. h3 Bh2+ 18. Kh1 N7f6 19. Bxd5 Nxd5 20. c4 Bg3 21. Qe2 Nxe3 22. Qxe3 O-O 23. b3 Rad8 24. Nc2 a5 25. Nc5 Ba8 26. Ne4 Bf4 27. Qf2 Bxe4 28. fxe4 Qe5 29. Qe2 Qc3 30. Ne1 g5 31. Nf3 Kg7 32. e5 Qe3 33. Qxe3 Bxe3 34. Re1 Bf4 35. a3 Rd3 36. axb4 axb4 37. Reb1 Rfd8 38. Kg1 Rc3 39. Kf1 Rc2 40. Ne1 Rc3 41. Nf3 g4 42. hxg4 h3 43. Kg1 Rc2 44. gxh3 Rd3 45. Rf1 Rxb3 46. Rae1 Rbb2 47. h4 b3 48. Rb1 Rxb1 49. Rxb1 Rc1+ 50. Rxc1 Bxc1 0-1

[Event "Titled Tuesday 2022.07.19 Late"]
[Site "chess.com INT"]
[Date "2022.07.19"]
[Round "4"]
[White "Sivakumar, Shaashwath"]
[Black "Hansen, Eric"]
[Result "0-1"]
[WhiteElo "2207"]
[BlackElo "2606"]
[PlyCount "60"]
[GameId "2130307573198285"]
[EventDate "2022.07.19"]
[EventType "swiss (blitz)"]
[EventRounds "11"]
[EventCountry "NET"]
[SourceTitle "The Week in Chess 1446"]
[Source "Mark Crowther"]
[SourceDate "2022.07.25"]
[SourceVersion "1"]
[SourceVersionDate "2022.07.25"]
[SourceQuality "2"]

1. d4 Nf6 2. Bf4 g6 3. Nc3 d5 4. e3 Bg7 5. Nb5 Na6 6. h3 O-O 7. Nf3 c6 8. Nc3 Nc7 9. Be2 Nce8 10. O-O Nd6 11. Be5 Bh6 12. a4 a5 13. Bh2 Qb6 14. Rb1 Bf5 15. Ne5 c5 16. dxc5 Qxc5 17. Bd3 Rfc8 18. Bxf5 Nxf5 19. Qd3 Nd6 20. Rfd1 e6 21. Qe2 Qb4 22. Qf3 Bg7 23. Bf4 Qb6 24. Qe2 Rc5 25. Bg5 Qc7 26. Nd3 Rxc3 27. bxc3 Nfe4 28. Bf4 Nxc3 29. Qf3 b6 30. Qg3 Ne2+ 0-1

[Event "Titled Tuesday 2022.07.19 Late"]
[Site "chess.com INT"]
[Date "2022.07.19"]
[Round "10"]
[White "Hansen, Eric"]
[Black "Martinez Alcantara, Jose Eduardo"]
[Result "1-0"]
[WhiteElo "2606"]
[BlackElo "2591"]
[PlyCount "101"]
[GameId "2130307573206591"]
[EventDate "2022.07.19"]
[EventType "swiss (blitz)"]
[EventRounds "11"]
[EventCountry "NET"]
[SourceTitle "The Week in Chess 1446"]
[Source "Mark Crowther"]
[SourceDate "2022.07.25"]
[SourceVersion "1"]
[SourceVersionDate "2022.07.25"]
[SourceQuality "2"]

1. e4 c5 2. Nf3 d6 3. d4 cxd4 4. Nxd4 Nf6 5. Nc3 Nc6 6. Bg5 e6 7. Qd2 a6 8. O-O-O Bd7 9. f3 Nxd4 10. Qxd4 Bc6 11. h4 h6 12. Be3 d5 13. e5 Nd7 14. f4 Bc5 15. Qd2 Qb6 16. Bxc5 Qxc5 17. Rh3 h5 18. Rg3 g6 19. Ne2 Nb6 20. Nd4 Nc4 21. Qc3 Qb6 22. b3 Na3 23. Bd3 Nb5 24. Bxb5 axb5 25. Kb2 b4 26. Qd2 Ke7 27. a4 bxa3+ 28. Ka2 Bd7 29. Rc3 Rhc8 30. Rxc8 Bxc8 31. g4 hxg4 32. Qg2 Qb4 33. Qg3 Bd7 34. Rd3 Bb5 35. c3 Qc5 36. Re3 Be8 37. Qxg4 b5 38. Qd1 b4 39. Qd2 Rb8 40. Rd3 Kf8 41. h5 bxc3 42. Rxc3 Qb6 43. hxg6 fxg6 44. Rc5 Kg8 45. Qc3 Bf7 46. Rb5 Qd8 47. Nc6 Rc8 48. Ne7+ Qxe7 49. Qxc8+ Be8 50. Rb7 Kf8 51. Rxe7 1-0

[Event "Chess.com RCC Wk21 Swiss"]
[Site "chess.com INT"]
[Date "2022.07.16"]
[Round "4"]
[White "Hansen, Eric"]
[Black "Maghsoodloo, Parham"]
[Result "1/2-1/2"]
[WhiteElo "2606"]
[BlackElo "2701"]
[PlyCount "34"]
[GameId "2130307573327804"]
[EventDate "2022.07.16"]
[EventType "swiss (rapid)"]
[EventRounds "9"]
[EventCountry "NET"]
[SourceTitle "The Week in Chess 1445"]
[Source "Mark Crowther"]
[SourceDate "2022.07.18"]
[SourceVersion "1"]
[SourceVersionDate "2022.07.18"]
[SourceQuality "2"]

1. e4 e5 2. Nf3 Nc6 3. Bb5 a6 4. Ba4 Nf6 5. O-O b5 6. Bb3 Bb7 7. Re1 Be7 8. d4 Nxd4 9. Nxd4 exd4 10. e5 Ne4 11. Qf3 d5 12. Rxe4 dxe4 13. Qxf7+ Kd7 14. Qe6+ Ke8 15. Qf7+ Kd7 16. Qe6+ Ke8 17. Qf7+ Kd7 1/2-1/2

[Event "Chess.com RCC Wk21 Swiss"]
[Site "chess.com INT"]
[Date "2022.07.16"]
[Round "7"]
[White "Hansen, Eric"]
[Black "Abdusattorov, Nodirbek"]
[Result "1-0"]
[WhiteElo "2606"]
[BlackElo "2688"]
[PlyCount "99"]
[GameId "2130307573327814"]
[EventDate "2022.07.16"]
[EventType "swiss (rapid)"]
[EventRounds "9"]
[EventCountry "NET"]
[SourceTitle "The Week in Chess 1445"]
[Source "Mark Crowther"]
[SourceDate "2022.07.18"]
[SourceVersion "1"]
[SourceVersionDate "2022.07.18"]
[SourceQuality "2"]

1. e4 e5 2. Nf3 Nf6 3. Nxe5 d6 4. Nf3 Nxe4 5. d4 d5 6. Bd3 Nc6 7. Nc3 Nxc3 8. bxc3 Bd6 9. O-O O-O 10. Re1 h6 11. h3 Qf6 12. c4 dxc4 13. Bxc4 Bf5 14. c3 Rfe8 15. Re3 Na5 16. Bb5 c6 17. Bf1 b6 18. c4 Be4 19. Qe2 Qe7 20. Nd2 f5 21. Nxe4 fxe4 22. Qg4 c5 23. Bb2 Qf7 24. d5 Rf8 25. Kh1 Rae8 26. Rxe4 Rxe4 27. Qxe4 Re8 28. Qc2 Nb7 29. Kg1 Be5 30. Rd1 Nd6 31. Bxe5 Rxe5 32. g3 Qf3 33. h4 h5 34. Rd3 Qf5 35. Qc3 Ne4 36. Qb2 Nd6 37. Rf3 Qxf3 38. Qxe5 Ne4 39. Qb2 Qf7 40. Qe2 Nd6 41. Bh3 Kf8 42. Be6 Qg6 43. Qe5 Ne8 44. d6 Qb1+ 45. Kg2 Nf6 46. Bf5 Qd1 47. Qe7+ Kg8 48. Bg6 Kh8 49. Qf8+ Ng8 50. Bf7 1-0

[Event "Chess.com RCC Wk21 Swiss"]
[Site "chess.com INT"]
[Date "2022.07.16"]
[Round "8"]
[White "Hansen, Eric"]
[Black "Bortnyk, Olexandr"]
[Result "0-1"]
[WhiteElo "2606"]
[BlackElo "2604"]
[PlyCount "48"]
[GameId "2130307573327816"]
[EventDate "2022.07.16"]
[EventType "swiss (rapid)"]
[EventRounds "9"]
[EventCountry "NET"]
[SourceTitle "The Week in Chess 1445"]
[Source "Mark Crowther"]
[SourceDate "2022.07.18"]
[SourceVersion "1"]
[SourceVersionDate "2022.07.18"]
[SourceQuality "2"]

1. c4 d6 2. Nc3 e5 3. Nf3 f5 4. d4 e4 5. Ng5 Be7 6. Nh3 Nf6 7. Nf4 c6 8. h4 O-O 9. e3 Na6 10. d5 Ng4 11. g3 Ne5 12. Be2 Bf6 13. Nh5 Nc5 14. Nxf6+ Qxf6 15. Kf1 a5 16. Bd2 Ncd3 17. b3 Bd7 18. Kg2 b5 19. dxc6 Bxc6 20. cxb5 Bb7 21. Na4 f4 22. gxf4 Nxf4+ 23. exf4 e3+ 24. Kg1 Qg6+ 0-1

[Event "Titled Tuesday 2022.07.12 Early"]
[Site "chess.com INT"]
[Date "2022.07.12"]
[Round "1"]
[White "Derjabin, Ilja"]
[Black "Hansen, Eric"]
[Result "0-1"]
[WhiteElo "2333"]
[BlackElo "2606"]
[PlyCount "50"]
[GameId "2130307573628391"]
[EventDate "2022.07.12"]
[EventType "swiss (blitz)"]
[EventRounds "11"]
[EventCountry "NET"]
[SourceTitle "The Week in Chess 1445"]
[Source "Mark Crowther"]
[SourceDate "2022.07.18"]
[SourceVersion "1"]
[SourceVersionDate "2022.07.18"]
[SourceQuality "2"]

1. d4 Nf6 2. c4 e6 3. Nc3 Bb4 4. a3 Bxc3+ 5. bxc3 O-O 6. f3 Nh5 7. Nh3 f5 8. Bg5 Qe8 9. e3 d6 10. Bd3 Nc6 11. O-O h6 12. Bh4 e5 13. Ra2 b6 14. g4 e4 15. fxe4 fxg4 16. Rxf8+ Qxf8 17. Rf2 Qe8 18. c5 gxh3 19. Bc4+ Be6 20. Bxe6+ Qxe6 21. Qxh5 Qxe4 22. Qf7+ Kh8 23. cxd6 cxd6 24. Qf3 Qxh4 25. Qxc6 Qg4+ 0-1

[Event "Titled Tuesday 2022.07.12 Early"]
[Site "chess.com INT"]
[Date "2022.07.12"]
[Round "2"]
[White "Hansen, Eric"]
[Black "Avila Pavas, Santiago"]
[Result "1-0"]
[WhiteElo "2606"]
[BlackElo "2453"]
[PlyCount "65"]
[GameId "2130307573628431"]
[EventDate "2022.07.12"]
[EventType "swiss (blitz)"]
[EventRounds "11"]
[EventCountry "NET"]
[SourceTitle "The Week in Chess 1445"]
[Source "Mark Crowther"]
[SourceDate "2022.07.18"]
[SourceVersion "1"]
[SourceVersionDate "2022.07.18"]
[SourceQuality "2"]

1. d4 Nf6 2. Bf4 d5 3. e3 e6 4. Nd2 Bd6 5. Bg3 O-O 6. c3 b6 7. Bd3 Bb7 8. Ngf3 c5 9. O-O Nc6 10. Ne5 Ne7 11. f4 Nf5 12. Bf2 Be7 13. a4 Nd6 14. Bh4 Nfe4 15. Bxe7 Qxe7 16. a5 f6 17. Nef3 Rac8 18. Qe1 b5 19. a6 Ba8 20. Bxe4 dxe4 21. dxc5 Rxc5 22. Nd4 e5 23. fxe5 fxe5 24. Rxf8+ Qxf8 25. Nc2 Bd5 26. Qg3 Bc4 27. Nb4 Nf5 28. Qh3 Rc7 29. Nxe4 Rf7 30. Ng5 h6 31. Nxf7 Qxf7 32. Nc6 Nd6 33. Nxe5 1-0

[Event "Titled Tuesday 2022.07.12 Early"]
[Site "chess.com INT"]
[Date "2022.07.12"]
[Round "3"]
[White "Madaminov, Mukhiddin"]
[Black "Hansen, Eric"]
[Result "0-1"]
[WhiteElo "2408"]
[BlackElo "2606"]
[PlyCount "66"]
[GameId "2130307573632577"]
[EventDate "2022.07.12"]
[EventType "swiss (blitz)"]
[EventRounds "11"]
[EventCountry "NET"]
[SourceTitle "The Week in Chess 1445"]
[Source "Mark Crowther"]
[SourceDate "2022.07.18"]
[SourceVersion "1"]
[SourceVersionDate "2022.07.18"]
[SourceQuality "2"]

1. d4 Nf6 2. Nc3 d5 3. Bf4 a6 4. e3 c5 5. dxc5 e6 6. Na4 Bxc5 7. Nxc5 Qa5+ 8. c3 Qxc5 9. Nf3 Nc6 10. Bd3 Qe7 11. Ne5 Nd7 12. Nxc6 bxc6 13. e4 Nc5 14. e5 Nxd3+ 15. Qxd3 a5 16. Qg3 Kf8 17. O-O h6 18. Be3 Rb8 19. b3 Ba6 20. Rfd1 c5 21. f4 Kg8 22. Qf2 Rc8 23. f5 Kh7 24. f6 gxf6 25. Qh4 Qf8 26. Qxf6 Rg8 27. Rd2 Rg6 28. Qf4 Qg7 29. Rf2 Bd3 30. Qxf7 Rxg2+ 31. Kh1 Be4 32. Rf3 Rg1+ 33. Rxg1 Qxf7 0-1

[Event "Titled Tuesday 2022.07.12 Early"]
[Site "chess.com INT"]
[Date "2022.07.12"]
[Round "5"]
[White "Hansen, Eric"]
[Black "Bortnyk, Olexandr"]
[Result "0-1"]
[WhiteElo "2606"]
[BlackElo "2604"]
[PlyCount "60"]
[GameId "2130307573632624"]
[EventDate "2022.07.12"]
[EventType "swiss (blitz)"]
[EventRounds "11"]
[EventCountry "NET"]
[SourceTitle "The Week in Chess 1445"]
[Source "Mark Crowther"]
[SourceDate "2022.07.18"]
[SourceVersion "1"]
[SourceVersionDate "2022.07.18"]
[SourceQuality "2"]

1. e4 Nf6 2. e5 Nd5 3. c4 Nb6 4. d4 d6 5. exd6 exd6 6. Bd3 Be7 7. Ne2 Na6 8. Nbc3 c6 9. a3 d5 10. c5 Nd7 11. Bxa6 bxa6 12. Qa4 Qc7 13. Bf4 Qb7 14. b4 O-O 15. O-O Nf6 16. h3 Bf5 17. Rfe1 Rfe8 18. Nc1 Rac8 19. Nb3 Ne4 20. Nxe4 Bxe4 21. Na5 Qd7 22. f3 Bf5 23. Be5 Bh4 24. Rec1 f6 25. Bd6 Re2 26. Kh2 Qe8 27. Rg1 Bxh3 28. Nb3 Bf5 29. Qxa6 Qh5 30. Qxe2 Bf2# 0-1

[Event "Titled Tuesday 2022.07.12 Early"]
[Site "chess.com INT"]
[Date "2022.07.12"]
[Round "6"]
[White "Hansen, Eric"]
[Black "Bjerre, Jonas Buhl"]
[Result "0-1"]
[WhiteElo "2606"]
[BlackElo "2608"]
[PlyCount "80"]
[GameId "2130307573636752"]
[EventDate "2022.07.12"]
[EventType "swiss (blitz)"]
[EventRounds "11"]
[EventCountry "NET"]
[SourceTitle "The Week in Chess 1445"]
[Source "Mark Crowther"]
[SourceDate "2022.07.18"]
[SourceVersion "1"]
[SourceVersionDate "2022.07.18"]
[SourceQuality "2"]

1. e4 c5 2. Nf3 d6 3. d4 cxd4 4. Nxd4 Nf6 5. Nc3 a6 6. Be3 e5 7. Nb3 Be6 8. h3 Nbd7 9. g4 h6 10. Bg2 Rc8 11. Nd5 Bxd5 12. exd5 g6 13. Qd2 Bg7 14. O-O-O Nb6 15. Na5 Nc4 16. Nxc4 Rxc4 17. Kb1 b5 18. f4 exf4 19. Bxf4 O-O 20. Bxh6 Bxh6 21. Qxh6 Qc7 22. Rd2 Rc8 23. Rc1 b4 24. Rf2 Nd7 25. Rxf7 Kxf7 26. Rf1+ Nf6 27. Qh7+ Ke8 28. Qh8+ Kd7 29. Qg7+ Kd8 30. Qxf6+ Qe7 31. Qxg6 Rxc2 32. Be4 Re2 33. Qg8+ Qe8 34. Qxe8+ Kxe8 35. Bg6+ Ke7 36. h4 Rf8 37. Bf5 Rh2 38. Re1+ Kd8 39. h5 Re8 40. Be6 Rf8 0-1